| 000 | 00559nam a2200193 a 4500 | ||
|---|---|---|---|
| 001 | 000634676 | ||
| 003 | AM-YeHGA | ||
| 005 | 20250617153218.0 | ||
| 008 | 090220s1979 ||||||||r|||||000|0|rus|d | ||
| 040 | _aAM-YeHGA | ||
| 041 | 0 | _arus | |
| 100 | 1 | _aПавлюк, С. | |
| 245 | 1 | 0 |
_aСудьбы : _b(Рассказы о медиках) / _cС. Павлюк, М. Хаитов. |
| 260 |
_aТашкент : _bМедицина УзССР, _c1979. |
||
| 300 |
_a141 с. ; _c22 см. |
||
| 650 | 1 | 4 | _aВрачи |
| 700 | 1 | _aХаитов, М. | |
| 090 | _c388453 | ||
| 999 |
_c386472 _d386472 |
||